000 00273nam a2200109Ia 4500
008 190912s9999||||xx |||||||||||||| ||und||
100 _aW. Haynes
245 0 _aPrinciples Of Management and Entrepreneurship
260 _aIndia
_bPrentice
_c1999
300 _a630
942 _cBK
999 _c7137
_d7137